Azo-benzothiazole chromophore based liquid crystalline monomers and their polymerization for new side chain liquid crystalline polymers /
Saved in:
| Main Author: | |
|---|---|
| Format: | Thesis Book |
| Language: | English |
| Published: |
2014
|
| Subjects: | |
| Tags: |
Add Tag
No Tags, Be the first to tag this record!
|
| LEADER | 01254cam a2200325 i 4500 | ||
|---|---|---|---|
| 001 | u1009789 | ||
| 003 | SIRSI | ||
| 005 | 201502051515 | ||
| 008 | 150205s2014 my a t 000 0 eng m | ||
| 040 | |a UMM |d AUM | ||
| 090 | |a QD3 |b UMP 2014 Kar | ||
| 100 | 1 | |a Karim, Md. Rabiul, |e author. | |
| 245 | 1 | 0 | |a Azo-benzothiazole chromophore based liquid crystalline monomers and their polymerization for new side chain liquid crystalline polymers / |c Md. Rabiul Karim |
| 264 | 1 | |c 2014 | |
| 264 | 4 | |c 2014 | |
| 300 | |a xix, 181 leaves : |b illustrations ; |c 30 cm | ||
| 336 | |a text |2 rdacontent | ||
| 337 | |a unmediated |2 rdamedia | ||
| 338 | |a volume |2 rdacarrier | ||
| 502 | |a Thesis (Ph.D) -- Jabatan Kimia, Fakulti Sains, Universiti Malaya./ |c 2014. | ||
| 504 | |a Bibliography: leaves 150-169 | ||
| 530 | |a Issued also in CD. | ||
| 650 | 0 | |a Polymers | |
| 650 | 0 | |a Polymer liquid crystals | |
| 653 | |a polybenzoxazines | ||
| 710 | 2 | |a Universiti Malaya. |b Fakulti Sains, |e degree granting institution. | |
| 900 | |a NSR | ||
| 596 | |a 1 25 | ||
| 999 | |a QD3 UMP 2014 KAR |w LC |c 1 |i A515862986 |d 7/6/2023 |e 7/6/2023 |f 14/4/2016 |g 1 |l STACKS |m P01UTAMA |n 1 |r Y |s Y |t TESIS |u 13/4/2016 |1 STEM | ||
| 999 | |a QD3 UMP 2014 KAR |w LC |c 1 |i A516810702 |l STACKS |m P25UMARCHI |r Y |s Y |t CD |u 17/4/2017 |1 STEM | ||
